The noble scholar, jurist, historian


 His Excellency Dr. Abdul Wahhab bin Ibrahim Abu Sulaiman, may Allah have mercy on him.


 He was born in Umm Al-Qura in the year 1356 AH.

كتاب تاريخ أصبهان : (Record no. 57)

MARC details
000 -LEADER
fixed length control field 01242cam a22003011i 4500
003 - CONTROL NUMBER IDENTIFIER
control field SA-RiAUC
005 - DATE AND TIME OF LATEST TRANSACTION
control field 20240904152218.0
008 - FIXED-LENGTH DATA ELEMENTS--GENERAL INFORMATION
fixed length control field 240831s1990 le g 000 0cara c
040 ## - CATALOGING SOURCE
Original cataloging agency SA-RiAUC
Language of cataloging ara
Transcribing agency SA-RiAUC
Description conventions rda
043 ## - GEOGRAPHIC AREA CODE
Geographic area code a-ir---
082 04 - DEWEY DECIMAL CLASSIFICATION NUMBER
Classification number 920.055
082 04 - DEWEY DECIMAL CLASSIFICATION NUMBER
Classification number 234.65
Assigning agency SA-RiAUC
100 ## - MAIN ENTRY--PERSONAL NAME
Personal name أبو نعيم، أحمد بن عبد الله بن أحمد،
Dates associated with a name 336-430 هجري
Relator term مؤلف.
9 (RLIN) 66
245 10 - TITLE STATEMENT
Title كتاب تاريخ أصبهان :
Remainder of title ذكر أخبار أصبهان /
Statement of responsibility, etc. أبو نعيم أحمد بن عبد الله بن أحمد الأصبهاني ؛ تحقيق حسن سيد كسروي.
246 30 - VARYING FORM OF TITLE
Title proper/short title ذكر أخبار أصبهان
246 30 - VARYING FORM OF TITLE
Title proper/short title تاريخ أصبهان
250 ## - EDITION STATEMENT
Edition statement الطبعة الأولى.
264 #1 - PRODUCTION, PUBLICATION, DISTRIBUTION, MANUFACTURE, AND COPYRIGHT NOTICE
Place of production, publication, distribution, manufacture بيروت :
Name of producer, publisher, distributor, manufacturer دار الكتب العلمية،
Date of production, publication, distribution, manufacture, or copyright notice 1990
300 ## - PHYSICAL DESCRIPTION
Extent 2 مجلد ؛
Dimensions 24 سم
336 ## - CONTENT TYPE
Content type term نص
Content type code txt
Source rdacontent
Materials specified كتاب
337 ## - MEDIA TYPE
Media type term بدون وسيط
Media type code n
Source rdamedia
338 ## - CARRIER TYPE
Carrier type term مجلد
Carrier type code nc
Source rdacarrier
650 #0 - SUBJECT ADDED ENTRY--TOPICAL TERM
Topical term or geographic name entry element الحديث
General subdivision تراجم الرواة
Geographic subdivision إيران
-- أصفهان
Source of heading or term aucsh
9 (RLIN) 43
700 1# - ADDED ENTRY--PERSONAL NAME
Personal name حسن، سيد كسروي
Relator term محقق.
942 ## - ADDED ENTRY ELEMENTS (KOHA)
Source of classification or shelving scheme Dewey Decimal Classification
Koha item type Books
Suppress in OPAC No
949 ## - LOCAL PROCESSING INFORMATION (OCLC)
a SA-JeALM
d 240831
u khaled123
n 1
Holdings
Withdrawn status Lost status Source of classification or shelving scheme Materials specified (bound volume or other part) Damaged status Not for loan Home library Current library Date acquired Total checkouts Full call number Barcode Date last seen Price effective from Koha item type
    Dewey Decimal Classification المجلد الاول     DR AbdElwahab Library DR AbdElwahab Library 09/04/2024   920.055 ا ب و ن 000000101 09/04/2024 09/04/2024 Books
    Dewey Decimal Classification المجلد الثاني     DR AbdElwahab Library DR AbdElwahab Library 09/04/2024   920.055 ا ب و ن 000000102 09/04/2024 09/04/2024 Books